<?xml version="1.0" encoding="UTF-8"?>
<record
    xmlns:xsi="http://www.w3.org/2001/XMLSchema-instance"
    xsi:schemaLocation="http://www.loc.gov/MARC21/slim http://www.loc.gov/standards/marcxml/schema/MARC21slim.xsd"
    xmlns="http://www.loc.gov/MARC21/slim">

  <leader>00889nam a22001337a 4500</leader>
  <datafield tag="040" ind1=" " ind2=" ">
    <subfield code="c">RUA</subfield>
  </datafield>
  <datafield tag="082" ind1=" " ind2=" ">
    <subfield code="a">FOR CHA 2003 B143 Or.1</subfield>
  </datafield>
  <datafield tag="100" ind1=" " ind2=" ">
    <subfield code="a">CHAMROEUN, SOKLIM.</subfield>
  </datafield>
  <datafield tag="245" ind1=" " ind2=" ">
    <subfield code="a">the study of inserting domestic tree valuable in ou dong mountain to make the area the natural historic workshop (&#x179F;&#x17B7;&#x1780;&#x17D2;&#x179F;&#x17B6;&#x1796;&#x17B8;&#x1780;&#x17B6;&#x179A;&#x178A;&#x17B6;&#x1780;&#x17CB;&#x1794;&#x1789;&#x17D2;&#x1785;&#x17BC;&#x179B;&#x1794;&#x17D2;&#x179A;&#x1797;&#x17C1;&#x1791;&#x1788;&#x17BE;&#x1780;&#x17D2;&#x1793;&#x17BB;&#x1784;&#x179F;&#x17D2;&#x179A;&#x17BB;&#x1780;&#x17D2;&#x1793;&#x17BB;&#x1784;&#x179F;&#x17D2;&#x179A;&#x17BB;&#x1780;&#x1798;&#x17B6;&#x1793;&#x178F;&#x17C6;&#x179B;&#x17C3;&#x1793;&#x17C5;&#x1780;&#x17D2;&#x1793;&#x17BB;&#x1784;&#x178F;&#x17C6;&#x1794;&#x1793;&#x17CB;&#x1797;&#x17D2;&#x1793;&#x17C6;&#x17A7;&#x178F;&#x17D2;&#x178F;&#x17BB;&#x1784;&#x17D2;&#x1782; &#x178A;&#x17BE;&#x1798;&#x17D2;&#x1794;&#x17B8;&#x17A2;&#x17C4;&#x1799;&#x178F;&#x17C6;&#x1794;&#x1793;&#x17CB;&#x1793;&#x17C5;&#x1780;&#x17D2;&#x179B;&#x17B6;&#x1799;&#x1787;&#x17B6;&#x178F;&#x17C6;&#x1794;&#x1793;&#x17CB;&#x1782;&#x17C4;&#x179A;&#x1796;&#x1794;&#x17BC;&#x1787;&#x17B6;&#x1794;&#x17D2;&#x179A;&#x179C;&#x178F;&#x17D2;&#x178F;&#x17B7;&#x179F;&#x17B6;&#x179F;&#x17D2;&#x179A;&#x17D2;&#x178F;&#x1792;&#x1798;&#x17D2;&#x1798;&#x1787;&#x17B6;&#x178F;&#x17B7;)</subfield>
  </datafield>
  <datafield tag="260" ind1=" " ind2=" ">
    <subfield code="a">Phnom Penh</subfield>
    <subfield code="b">RUA</subfield>
    <subfield code="c">2003</subfield>
  </datafield>
  <datafield tag="300" ind1=" " ind2=" ">
    <subfield code="a">iv, 40p.</subfield>
    <subfield code="b">ill.</subfield>
    <subfield code="c">29cm.</subfield>
  </datafield>
  <datafield tag="856" ind1=" " ind2=" ">
    <subfield code="u">https://drive.google.com/file/d/1450S2Wjti7-lusUsQxmbi9Ou-Qafmu-6/view?usp=sharing</subfield>
  </datafield>
  <datafield tag="942" ind1=" " ind2=" ">
    <subfield code="c">FOR</subfield>
  </datafield>
  <datafield tag="999" ind1=" " ind2=" ">
    <subfield code="c">3509</subfield>
    <subfield code="d">3509</subfield>
  </datafield>
  <datafield tag="952" ind1=" " ind2=" ">
    <subfield code="0">0</subfield>
    <subfield code="1">0</subfield>
    <subfield code="2">ddc</subfield>
    <subfield code="4">0</subfield>
    <subfield code="6">FOR_CHA_2003_000000000000000_B143_OR_1</subfield>
    <subfield code="7">0</subfield>
    <subfield code="9">16872</subfield>
    <subfield code="a">LBB</subfield>
    <subfield code="b">LBB</subfield>
    <subfield code="c">B143</subfield>
    <subfield code="d">2015-11-17</subfield>
    <subfield code="l">1</subfield>
    <subfield code="o">FOR CHA 2003 B143 Or.1</subfield>
    <subfield code="p">RUA026636</subfield>
    <subfield code="r">2016-06-22</subfield>
    <subfield code="s">2016-06-16</subfield>
    <subfield code="w">2015-11-17</subfield>
    <subfield code="y">FOR</subfield>
  </datafield>
  <datafield tag="952" ind1=" " ind2=" ">
    <subfield code="0">0</subfield>
    <subfield code="1">0</subfield>
    <subfield code="2">ddc</subfield>
    <subfield code="4">0</subfield>
    <subfield code="6">FOR_CHA_2003_000000000000000_B143_OR_2</subfield>
    <subfield code="7">0</subfield>
    <subfield code="9">16873</subfield>
    <subfield code="a">LBB</subfield>
    <subfield code="b">LBB</subfield>
    <subfield code="c">B143</subfield>
    <subfield code="d">2015-11-17</subfield>
    <subfield code="o">FOR CHA 2003 B143 Or.2</subfield>
    <subfield code="p">RUA026564</subfield>
    <subfield code="r">2015-11-17</subfield>
    <subfield code="w">2015-11-17</subfield>
    <subfield code="y">FOR</subfield>
  </datafield>
  <datafield tag="952" ind1=" " ind2=" ">
    <subfield code="0">0</subfield>
    <subfield code="1">0</subfield>
    <subfield code="2">ddc</subfield>
    <subfield code="4">0</subfield>
    <subfield code="6">FOR_CHA_2003_000000000000000_B143_OR_3</subfield>
    <subfield code="7">0</subfield>
    <subfield code="9">16874</subfield>
    <subfield code="a">LBB</subfield>
    <subfield code="b">LBB</subfield>
    <subfield code="c">B143</subfield>
    <subfield code="d">2015-11-17</subfield>
    <subfield code="o">FOR CHA 2003 B143 Or.3</subfield>
    <subfield code="p">RUA026921</subfield>
    <subfield code="r">2015-11-17</subfield>
    <subfield code="w">2015-11-17</subfield>
    <subfield code="y">FOR</subfield>
  </datafield>
  <datafield tag="952" ind1=" " ind2=" ">
    <subfield code="0">0</subfield>
    <subfield code="1">0</subfield>
    <subfield code="2">ddc</subfield>
    <subfield code="4">0</subfield>
    <subfield code="6">FOR_CHA_2003_000000000000000_B143_OR_4</subfield>
    <subfield code="7">0</subfield>
    <subfield code="9">16875</subfield>
    <subfield code="a">LBB</subfield>
    <subfield code="b">LBB</subfield>
    <subfield code="c">B143</subfield>
    <subfield code="d">2015-11-17</subfield>
    <subfield code="o">FOR CHA 2003 B143 Or.4</subfield>
    <subfield code="p">RUA027992</subfield>
    <subfield code="r">2015-11-17</subfield>
    <subfield code="w">2015-11-17</subfield>
    <subfield code="y">FOR</subfield>
  </datafield>
  <datafield tag="952" ind1=" " ind2=" ">
    <subfield code="0">0</subfield>
    <subfield code="1">0</subfield>
    <subfield code="2">ddc</subfield>
    <subfield code="4">0</subfield>
    <subfield code="6">FOR_CHA_2003_000000000000000_B143_OR_5</subfield>
    <subfield code="7">0</subfield>
    <subfield code="9">16876</subfield>
    <subfield code="a">LBB</subfield>
    <subfield code="b">LBB</subfield>
    <subfield code="c">B143</subfield>
    <subfield code="d">2015-11-17</subfield>
    <subfield code="l">1</subfield>
    <subfield code="o">FOR CHA 2003 B143 Or.5</subfield>
    <subfield code="p">RUA026780</subfield>
    <subfield code="r">2019-09-26</subfield>
    <subfield code="s">2019-08-06</subfield>
    <subfield code="w">2015-11-17</subfield>
    <subfield code="y">FOR</subfield>
  </datafield>
  <datafield tag="952" ind1=" " ind2=" ">
    <subfield code="0">0</subfield>
    <subfield code="1">0</subfield>
    <subfield code="2">ddc</subfield>
    <subfield code="4">0</subfield>
    <subfield code="6">FOR_CHA_2003_000000000000000_B143_OR_6</subfield>
    <subfield code="7">0</subfield>
    <subfield code="9">16877</subfield>
    <subfield code="a">LBB</subfield>
    <subfield code="b">LBB</subfield>
    <subfield code="c">B143</subfield>
    <subfield code="d">2015-11-17</subfield>
    <subfield code="o">FOR CHA 2003 B143 Or.6</subfield>
    <subfield code="p">RUA026708</subfield>
    <subfield code="r">2015-11-17</subfield>
    <subfield code="w">2015-11-17</subfield>
    <subfield code="y">FOR</subfield>
  </datafield>
</record>
